| 000 | 00412nam a2200157Ia 4500 | ||
|---|---|---|---|
| 008 | 160316s1996 xxu||||| |||| 00| 0 eng d | ||
| 082 |
_a346.043700 _bGOP |
||
| 100 | _aGopinath Rao C H | ||
| 245 | _aValuation practice of immovable properties | ||
| 250 | _a | ||
| 260 |
_aMadras _bJai Ganesh Offset _c1996 |
||
| 300 |
_a _b _c |
||
| 365 | _b180/- | ||
| 650 | _a1.Property Law - Immovable property | ||
| 700 |
_a _a |
||
| 999 |
_c9169 _d9169 |
||